Countries with the Tallest Extant Towers in the World - Statistics

General Stats
  • This quiz has been taken 5 times
  • The average score is 1 of 10
Answer Stats
Country Answer % Correct
Canada CN Tower
100%
Japan Tokyo Skytree
33%
Kazakhstan Almaty Tower
0%
China Canton Tower
0%
Malaysia Kuala Lumpur Tower
0%
Kuwait Liberation Tower
0%
Iran Milad Tower
0%
Russia Ostankino Tower
0%
Latvia Riga Radio and TV Tower
0%
Uzbekistan Tashkent Tower
0%
No matching quizzes found
Score Distribution
Percent of People with Each Score
Percentile by Number Answered
Your Score History
You have not taken this quiz